[Event "DEM U16w 2017"]
[Site "Willingen GER"]
[Date "2017.06.09"]
[Round "8"]
[White "Weimert, Miriam"]
[Black "Kolb, Verena"]
[Result "1-0"]
[Termination "normal"]
[Board "8"]
[WhiteElo "1841"]
[BlackElo "1673"]
[WhiteClock "00:08:16"]
[BlackClock "00:08:19"]
[PlyCount "85"]
[WhiteFideId "12966703"]
[BlackFideId "12992313"]
[EventCountry "GER"]
[EventRounds "9"]
[EventType "swiss"]
[EventDate "2017.06.03"]

1. e4 {[%clk 1:30:58]} 1... e6 {[%clk 1:30:57]} 2. d4 {[%clk 1:31:19]} 2... d5
{[%clk 1:31:25]} 3. e5 {[%clk 1:31:36]} 3... c5 {[%clk 1:31:47]} 4. c3 { [%clk
1:31:54]} 4... Nc6 {[%clk 1:32:11]} 5. Nf3 {[%clk 1:31:22]} 5... Qb6 { [%clk
1:32:33]} 6. a3 {[%clk 1:31:08]} 6... a5 {[%clk 1:32:56]} 7. Bd3 { [%clk
1:30:42]} 7... f6 {[%clk 1:33:12]} 8. O-O {[%clk 1:29:30]} 8... Bd7 { [%clk
1:32:04]} 9. Bc2 {[%clk 1:27:56]} 9... cxd4 {[%clk 1:28:41]} 10. cxd4 { [%clk
1:24:36]} 10... fxe5 {[%clk 1:27:54]} 11. dxe5 {[%clk 1:20:45]} 11... Bc5
{[%clk 1:25:37]} 12. Nc3 {[%clk 1:16:44]} 12... Qc7 {[%clk 1:19:40]} 13. Bf4 {
[%clk 1:10:06]} 13... Nh6 {[%clk 1:16:05]} 14. Qe2 {[%clk 0:56:31]} 14... O-O {
[%clk 1:09:22]} 15. Bxh6 {[%clk 0:37:07]} 15... gxh6 {[%clk 1:09:10]} 16. Qd3 {
[%clk 0:36:42]} 16... Rf7 {[%clk 1:08:03]} 17. Rae1 {[%clk 0:32:53]} 17... Raf8
{[%clk 0:49:56]} 18. Nxd5 {[%clk 0:24:38]} 18... exd5 {[%clk 0:34:36]} 19. e6 {
[%clk 0:24:36]} 19... Bxe6 {[%clk 0:34:46]} 20. Rxe6 {[%clk 0:24:55]} 20... Bd6
{[%clk 0:27:18]} 21. Qxd5 {[%clk 0:22:23]} 21... Rd8 {[%clk 0:15:59]} 22. Qe4 {
[%clk 0:16:31]} 22... Rdf8 {[%clk 0:05:59]} 23. Rxh6 {[%clk 0:10:27]} 23...
Rxf3 {[%clk 0:05:28]} 24. Qe6+ {[%clk 0:10:40]} 24... R3f7 {[%clk 0:05:38]} 25.
Bxh7+ {[%clk 0:10:44]} 25... Kh8 {[%clk 0:05:41]} 26. Bg6+ {[%clk 0:10:27]}
26... Kg7 {[%clk 0:05:30]} 27. Rh7+ {[%clk 0:09:41]} 27... Kg8 {[%clk 0:05:51]}
28. Bxf7+ {[%clk 0:09:32]} 28... Rxf7 {[%clk 0:05:51]} 29. Rxf7 {[%clk 0:09:26]
} 29... Bxh2+ {[%clk 0:06:10]} 30. Kh1 {[%clk 0:09:47]} 30... Qxf7 { [%clk
0:06:15]} 31. Qxf7+ {[%clk 0:10:11]} 31... Kxf7 {[%clk 0:06:39]} 32. Kxh2
{[%clk 0:10:36]} 32... Ne5 {[%clk 0:06:49]} 33. Rd1 {[%clk 0:09:27]} 33... Ke6
{[%clk 0:07:12]} 34. b3 {[%clk 0:08:47]} 34... b5 {[%clk 0:07:03]} 35. Kg3 {
[%clk 0:08:11]} 35... Nc6 {[%clk 0:06:54]} 36. f4 {[%clk 0:07:45]} 36... Ne7 {
[%clk 0:06:33]} 37. Re1+ {[%clk 0:07:23]} 37... Kf6 {[%clk 0:06:33]} 38. Rxe7 {
[%clk 0:06:46]} 38... Kxe7 {[%clk 0:06:58]} 39. f5 {[%clk 0:06:57]} 39... Kf6 {
[%clk 0:07:20]} 40. Kf4 {[%clk 0:07:21]} 40... Ke7 {[%clk 0:07:35]} 41. Ke5 {
[%clk 0:07:46]} 41... Kf7 {[%clk 0:07:57]} 42. Kd5 {[%clk 0:07:52]} 42... Kf6 {
[%clk 0:08:19]} 43. Kc5 {[%clk 0:08:16]} 1-0

[Event "DEM U16w 2017"]
[Site "Willingen GER"]
[Date "2017.06.09"]
[Round "8"]
[White "Voß, Henrike"]
[Black "Könze, Heike"]
[Result "1/2-1/2"]
[Termination "normal"]
[Board "9"]
[WhiteElo "1620"]
[BlackElo "1769"]
[WhiteClock "00:10:07"]
[BlackClock "00:29:14"]
[PlyCount "64"]
[WhiteFideId "12971910"]
[BlackFideId "12964476"]
[EventCountry "GER"]
[EventRounds "9"]
[EventType "swiss"]
[EventDate "2017.06.03"]

1. e4 {[%clk 1:30:57]} 1... c5 {[%clk 1:30:52]} 2. Nf3 {[%clk 1:31:21]} 2... d6
{[%clk 1:31:15]} 3. d4 {[%clk 1:31:35]} 3... cxd4 {[%clk 1:31:38]} 4. Nxd4 {
[%clk 1:31:57]} 4... Nf6 {[%clk 1:32:01]} 5. Nc3 {[%clk 1:32:18]} 5... a6 {
[%clk 1:32:25]} 6. g3 {[%clk 1:32:37]} 6... e5 {[%clk 1:32:39]} 7. Nde2 { [%clk
1:32:55]} 7... Be7 {[%clk 1:31:35]} 8. Bg2 {[%clk 1:33:13]} 8... Be6 { [%clk
1:31:18]} 9. a4 {[%clk 1:30:21]} 9... Nbd7 {[%clk 1:28:50]} 10. b3 { [%clk
1:25:12]} 10... Qc7 {[%clk 1:25:11]} 11. O-O {[%clk 1:18:07]} 11... O-O { [%clk
1:25:21]} 12. h3 {[%clk 1:18:18]} 12... Rac8 {[%clk 1:24:15]} 13. Be3 { [%clk
1:15:05]} 13... Rfd8 {[%clk 1:20:41]} 14. f4 {[%clk 1:07:40]} 14... exf4 {[%clk
1:20:41]} 15. gxf4 {[%clk 1:07:47]} 15... Nb6 {[%clk 1:15:50]} 16. a5 { [%clk
1:00:10]} 16... Na8 {[%clk 1:14:16]} 17. f5 {[%clk 0:54:31]} 17... Bd7 { [%clk
1:14:30]} 18. Qe1 {[%clk 0:44:04]} 18... Bb5 {[%clk 1:03:42]} 19. Bd2 { [%clk
0:39:56]} 19... d5 {[%clk 0:55:55]} 20. Nxd5 {[%clk 0:24:36]} 20... Nxd5 {[%clk
0:55:52]} 21. exd5 {[%clk 0:22:28]} 21... Bf6 {[%clk 0:53:18]} 22. Ra2 { [%clk
0:18:34]} 22... Qc5+ {[%clk 0:51:08]} 23. Qf2 {[%clk 0:17:15]} 23... Bxe2
{[%clk 0:47:39]} 24. Be3 {[%clk 0:17:35]} 24... Qb5 {[%clk 0:47:04]} 25. c4 {
[%clk 0:17:02]} 25... Bxc4 {[%clk 0:47:24]} 26. bxc4 {[%clk 0:17:23]} 26...
Rxc4 {[%clk 0:45:23]} 27. Rd1 {[%clk 0:16:04]} 27... Ra4 {[%clk 0:44:11]} 28.
Rxa4 {[%clk 0:11:41]} 28... Qxa4 {[%clk 0:44:33]} 29. Rb1 {[%clk 0:11:51]}
29... Qxa5 {[%clk 0:40:00]} 30. Rxb7 {[%clk 0:11:51]} 30... Qa1+ { [%clk
0:39:48]} 31. Qf1 {[%clk 0:11:51]} 31... Qe5 {[%clk 0:37:07]} 32. Qf4 { [%clk
0:10:07]} 32... h6 {[%clk 0:29:14]} 1/2-1/2

[Event "DEM U16w 2017"]
[Site "Willingen GER"]
[Date "2017.06.09"]
[Round "8"]
[White "Fricke, Edna Marlene"]
[Black "Reinecke, Katharina"]
[Result "0-1"]
[Termination "normal"]
[Board "10"]
[WhiteElo "1356"]
[BlackElo "1911"]
[WhiteClock "00:03:13"]
[BlackClock "00:03:05"]
[PlyCount "74"]
[WhiteFideId "12988839"]
[BlackFideId "12929727"]
[EventCountry "GER"]
[EventRounds "9"]
[EventType "swiss"]
[EventDate "2017.06.03"]

1. e4 {[%clk 1:30:57]} 1... c6 {[%clk 1:30:55]} 2. d4 {[%clk 1:31:10]} 2... d5
{[%clk 1:31:19]} 3. exd5 {[%clk 1:31:01]} 3... cxd5 {[%clk 1:31:44]} 4. Bd3 {
[%clk 1:31:23]} 4... Nc6 {[%clk 1:32:09]} 5. c3 {[%clk 1:31:33]} 5... Qc7 {
[%clk 1:32:33]} 6. Be3 {[%clk 1:30:18]} 6... Nf6 {[%clk 1:32:24]} 7. Nd2 {
[%clk 1:24:07]} 7... Bg4 {[%clk 1:28:34]} 8. Qb3 {[%clk 1:21:18]} 8... e6 {
[%clk 1:26:49]} 9. Ngf3 {[%clk 1:18:09]} 9... Be7 {[%clk 1:25:00]} 10. g3 {
[%clk 1:06:39]} 10... O-O {[%clk 1:14:33]} 11. Bf4 {[%clk 1:02:53]} 11... Qc8 {
[%clk 1:11:25]} 12. h3 {[%clk 0:49:27]} 12... Bh5 {[%clk 1:02:55]} 13. g4 {
[%clk 0:48:01]} 13... Bg6 {[%clk 1:03:16]} 14. Bxg6 {[%clk 0:41:02]} 14... hxg6
{[%clk 1:03:37]} 15. Bg3 {[%clk 0:38:43]} 15... a6 {[%clk 1:02:01]} 16. Ne5 {
[%clk 0:26:47]} 16... b5 {[%clk 0:57:47]} 17. O-O {[%clk 0:24:38]} 17... Na5 {
[%clk 0:51:08]} 18. Qc2 {[%clk 0:17:28]} 18... Rd8 {[%clk 0:47:45]} 19. Rac1 {
[%clk 0:16:28]} 19... Nc4 {[%clk 0:42:51]} 20. Kg2 {[%clk 0:11:17]} 20... Qb7 {
[%clk 0:41:12]} 21. Rfe1 {[%clk 0:09:48]} 21... Rac8 {[%clk 0:38:08]} 22. f4 {
[%clk 0:07:01]} 22... Nxd2 {[%clk 0:32:02]} 23. Qxd2 {[%clk 0:06:57]} 23... b4
{[%clk 0:31:52]} 24. Qd3 {[%clk 0:05:50]} 24... bxc3 {[%clk 0:30:26]} 25. bxc3
{[%clk 0:06:03]} 25... Ne4 {[%clk 0:26:56]} 26. c4 {[%clk 0:04:34]} 26... Nxg3
{[%clk 0:24:43]} 27. Kxg3 {[%clk 0:04:52]} 27... dxc4 {[%clk 0:23:13]} 28. Rxc4
{[%clk 0:04:58]} 28... Rxc4 {[%clk 0:21:07]} 29. Qxc4 {[%clk 0:05:10]} 29...
Bf6 30. g5 {[%clk 0:04:52]} 30... Bxe5 {[%clk 0:09:08]} 31. dxe5 { [%clk
0:04:34]} 31... Rd2 {[%clk 0:05:19]} 32. Re2 {[%clk 0:04:32]} 32... Rd1 { [%clk
0:05:21]} 33. Qa4 {[%clk 0:03:52]} 33... Rd3+ {[%clk 0:04:51]} 34. Kh2 { [%clk
0:03:15]} 34... Qf3 {[%clk 0:04:09]} 35. Qe4 {[%clk 0:03:16]} 35... Qxh3+
{[%clk 0:04:09]} 36. Kg1 {[%clk 0:03:32]} 36... Qg3+ {[%clk 0:03:56]} 37. Kf1 {
[%clk 0:03:13]} 37... Rf3+ {[%clk 0:03:05]} 0-1

[Event "DEM U16w 2017"]
[Site "Willingen GER"]
[Date "2017.06.09"]
[Round "8"]
[White "Lücke, Kristina"]
[Black "Mönster, Madita"]
[Result "1/2-1/2"]
[Termination "normal"]
[Board "11"]
[WhiteElo "1445"]
[BlackElo "1762"]
[WhiteClock "00:01:08"]
[BlackClock "00:07:21"]
[PlyCount "60"]
[WhiteFideId "16201248"]
[BlackFideId "12947156"]
[EventCountry "GER"]
[EventRounds "9"]
[EventType "swiss"]
[EventDate "2017.06.03"]

1. e4 {[%clk 1:30:43]} 1... c5 {[%clk 1:30:36]} 2. Nf3 {[%clk 1:30:21]} 2...
Nc6 {[%clk 1:30:43]} 3. d4 {[%clk 1:30:24]} 3... cxd4 {[%clk 1:31:01]} 4. Nxd4
{[%clk 1:30:49]} 4... Nf6 {[%clk 1:31:16]} 5. Nc3 {[%clk 1:30:51]} 5... d6 {
[%clk 1:31:33]} 6. Bc4 {[%clk 1:29:25]} 6... e6 {[%clk 1:31:21]} 7. O-O { [%clk
1:27:43]} 7... Be7 {[%clk 1:30:05]} 8. h3 {[%clk 1:22:43]} 8... O-O { [%clk
1:29:12]} 9. Bb3 {[%clk 1:17:15]} 9... a6 {[%clk 1:24:49]} 10. Be3 { [%clk
1:11:07]} 10... Qc7 {[%clk 1:22:08]} 11. f4 {[%clk 0:57:24]} 11... b5 { [%clk
1:14:02]} 12. a3 {[%clk 0:48:37]} 12... Na5 {[%clk 1:11:08]} 13. Qf3 { [%clk
0:40:39]} 13... Nxb3 {[%clk 1:01:08]} 14. Nxb3 {[%clk 0:36:51]} 14... Bb7
{[%clk 0:55:50]} 15. Nd2 {[%clk 0:27:06]} 15... d5 {[%clk 0:53:10]} 16. Bd4 {
[%clk 0:19:53]} 16... Bc5 {[%clk 0:36:34]} 17. Qe3 {[%clk 0:14:28]} 17... Bxd4
{[%clk 0:36:25]} 18. Qxd4 {[%clk 0:14:39]} 18... dxe4 {[%clk 0:36:32]} 19.
Ndxe4 {[%clk 0:11:15]} 19... Nxe4 {[%clk 0:36:13]} 20. Nxe4 {[%clk 0:10:54]}
20... Qc6 {[%clk 0:31:57]} 21. Nf6+ {[%clk 0:05:11]} 21... gxf6 {[%clk 0:29:23]
} 22. Rf3 {[%clk 0:04:39]} 22... e5 {[%clk 0:28:31]} 23. fxe5 {[%clk 0:03:33]}
23... Qe4 {[%clk 0:27:24]} 24. Rg3+ {[%clk 0:02:08]} 24... Kh8 {[%clk 0:27:27]}
25. Qf2 {[%clk 0:01:32]} 25... Qxe5 {[%clk 0:25:07]} 26. Re1 {[%clk 0:01:32]}
26... Qd6 {[%clk 0:24:42]} 27. Rd3 {[%clk 0:01:22]} 27... Qc6 {[%clk 0:22:22]}
28. Rc3 {[%clk 0:01:28]} 28... Qd6 {[%clk 0:20:44]} 29. Rd3 {[%clk 0:01:33]}
29... Bd5 {[%clk 0:10:56]} 30. Red1 {[%clk 0:01:08]} 30... Rab8 {[%clk 0:07:21]
} 1/2-1/2

[Event "DEM U16w 2017"]
[Site "Willingen GER"]
[Date "2017.06.09"]
[Round "8"]
[White "Pietsch, Virginia-Atlanta"]
[Black "Mundt, Alexandra"]
[Result "0-1"]
[Termination "normal"]
[Board "12"]
[WhiteElo "1065"]
[BlackElo "1391"]
[WhiteClock "00:05:42"]
[BlackClock "00:04:33"]
[PlyCount "68"]
[WhiteFideId "16235053"]
[BlackFideId "16217276"]
[EventCountry "GER"]
[EventRounds "9"]
[EventType "swiss"]
[EventDate "2017.06.03"]

1. d4 {[%clk 1:30:58]} 1... d5 {[%clk 1:30:56]} 2. Nf3 {[%clk 1:31:20]} 2...
Bg4 {[%clk 1:30:53]} 3. Nbd2 {[%clk 1:29:48]} 3... Nf6 {[%clk 1:30:51]} 4. g3 {
[%clk 1:26:07]} 4... Nbd7 {[%clk 1:28:31]} 5. Bg2 {[%clk 1:25:32]} 5... c5 {
[%clk 1:27:09]} 6. c3 {[%clk 1:22:48]} 6... e6 {[%clk 1:26:01]} 7. O-O { [%clk
1:21:08]} 7... Bd6 {[%clk 1:24:00]} 8. Re1 {[%clk 1:18:34]} 8... cxd4 { [%clk
1:16:53]} 9. cxd4 {[%clk 1:13:54]} 9... O-O {[%clk 1:05:09]} 10. Qc2 { [%clk
1:12:14]} 10... Bf5 {[%clk 1:02:39]} 11. Qb3 {[%clk 1:08:33]} 11... b6 { [%clk
0:54:28]} 12. Nh4 {[%clk 1:03:05]} 12... Bg6 {[%clk 0:46:31]} 13. Nxg6 { [%clk
1:02:23]} 13... fxg6 {[%clk 0:46:18]} 14. e4 {[%clk 0:59:56]} 14... e5 { [%clk
0:42:10]} 15. dxe5 {[%clk 0:53:27]} 15... Nxe5 {[%clk 0:37:52]} 16. exd5 {[%clk
0:53:12]} 16... Kh8 {[%clk 0:36:53]} 17. Nf3 {[%clk 0:43:20]} 17... Ned7 {[%clk
0:23:37]} 18. Bd2 {[%clk 0:40:28]} 18... Bc5 {[%clk 0:21:17]} 19. Bf4 { [%clk
0:37:07]} 19... Ng4 {[%clk 0:18:20]} 20. Be3 {[%clk 0:35:15]} 20... Qf6 { [%clk
0:08:14]} 21. Bxc5 {[%clk 0:33:00]} 21... Nxc5 {[%clk 0:07:50]} 22. Qc3 { [%clk
0:30:21]} 22... Qf5 {[%clk 0:06:35]} 23. Re2 {[%clk 0:15:04]} 23... Ne4 { [%clk
0:05:18]} 24. Qd3 {[%clk 0:14:01]} 24... Nxg3 {[%clk 0:03:44]} 25. Qxf5 { [%clk
0:13:45]} 25... Nxe2+ {[%clk 0:04:07]} 26. Kf1 {[%clk 0:13:34]} 26... Rxf5
{[%clk 0:04:18]} 27. Kxe2 {[%clk 0:13:30]} 27... Rxd5 {[%clk 0:04:17]} 28. h3
{[%clk 0:09:48]} 28... Nf6 {[%clk 0:04:05]} 29. Rc1 {[%clk 0:08:31]} 29... Re8+
{[%clk 0:04:13]} 30. Kf1 {[%clk 0:08:20]} 30... Rc5 {[%clk 0:04:16]} 31. Rd1
{[%clk 0:07:33]} 31... Rec8 {[%clk 0:03:57]} 32. Re1 {[%clk 0:06:20]} 32... Rc1
{[%clk 0:04:14]} 33. Ne5 {[%clk 0:05:21]} 33... Rxe1+ {[%clk 0:04:33]} 34. Kxe1
{[%clk 0:05:42]} 34... Re8 0-1